00670 2200241 4500001002100000005001500021035002000036007000300056008004100059020002200100082001000122084001600132100002200148245009600170250001000266260003700276300002900313700001800342700002200360600002400382990001100406990001100417INLIS00000000000328820190608100208 a0010-0619000037ta190608 g 0 ind  a978-602-6657-63-3 a153.8 a153.8 DUM e0 aDUMONT, Theron Q.1 aEnergi Magnetis /cTheron Q. Dumont; penerjemah, Laila Qadria; penyunting, Zulkarnaen Ishak acet.1 a[s.l] :bBright Publisher,c2017 aviii, 172 hlm. ;c19 cm.0 aLAILA, Qadria0 aZULKARNAEN, Ishak 4aPSIKOLOGI. MOTIVASI a6704 a a6704 b